• 首页
  • 本馆介绍
  • 公告通知
  • 最新文献
  • 馆藏检索
  • 电子资源
  • 读者导购
  • 参考咨询
  • 我的图书馆
  • 登录
  • 详细信息显示
  • 放入我的书架
  • 预约/预借图书
  • 作者相关作品
  • 分类相关作品
  • 丛书相关作品
  • 出版社相关作品

书目信息

  • 表格格式
  • 工作单格式
  • 卡片格式
题名:
海派名菜名点
    
 
作者: 赵仁荣 主编 ;上海银河宾馆 编
分册:  
出版信息: 上海   上海科学技术文献出版社  2000
页数: 116页
开本: 26cm
丛书名:
单 册:
中图分类: TS972.182.51
科图分类:
主题词: 食谱 , 面食 , 菜谱 , 面食--食谱--上海市 , 菜谱--上海市
电子资源:
ISBN: 7-5439-1566-9
000 01221nam0 2200361 450
000 01186nam0 2200349 450
000 01149nam0 2200337 450
000 01067nam0 2200337 450
000 01030nam0 2200325 450
000 00963nam0 2200301 450
001 0104000024
005 20061017080935.58
010    @a7-5439-1566-9@dCNY40.00
100    @a20051124d2000 em y0chiy0110 ea
101 0  @achi
102    @aCN@b310000
105    @aa z 000yy
200 1  @a海派名菜名点@Ahai pai ming cai ming dian@f赵仁荣主编@Fzhao ren rong zhu bian@g上海银河宾馆编@Gshang hai yin he bin guan bian
210    @a上海@c上海科学技术文献出版社@d2000
215    @a116页@c照片@d26cm
330    @a本书是由上海银河宾馆高级厨师和点心师编写推出的具有上海特色的海派菜肴112种,点心50种,并配以精美彩照。
606 0  @a食谱
606 0  @a面食
606 0  @a菜谱
606 0  @a面食@x食谱@y上海市
606 0  @a菜谱@y上海市
690    @aTS972.182.51@v4
701  0 @a赵仁荣@9zhao ren rong@4主编
712 02 @a上海银河宾馆@9shang hai yin he bin guan@4编
801  0 @aCN@b北京荣雅伟业图书经销中心@c20061017
905    @aBZT@dTS972.182.51@e1
906    @dCNY40.00@n0@r1
    
    海派名菜名点/赵仁荣主编/上海银河宾馆编.-上海:上海科学技术文献出版社,2000
    116页:照片;26cm
    
    
    ISBN 7-5439-1566-9:CNY40.00
    本书是由上海银河宾馆高级厨师和点心师编写推出的具有上海特色的海派菜肴112种,点心50种,并配以精美彩照。
●
相关链接 在五车中查询图书 在当当中查询图书 在豆瓣中查询图书


正题名:海派名菜名点     索取号:TS972.182.51/1         预约/预借

序号 登录号 条形码 馆藏地/架位号 状态 备注
1 503536   230072544   中心书库中库/ 中库024架A面6列2层7/ [索取号:TS972.182.51/1] 在馆    
2 503537   230072542   中心书库中库/ 中库024架A面6列2层6/ [索取号:TS972.182.51/1] 在馆    
3 503538   230072539   中心书库中库/ 中库024架A面6列2层8/ [索取号:TS972.182.51/1] 在馆    
4 503540   230072537   中心书库中库/ 中库024架A面6列2层9/ [索取号:TS972.182.51/1] 在馆    
山东省滨州职业学院图书馆 欢迎您!
大连网信软件有限公司© 版权所有